| 000 | 00935nam a2200253 i 4500 | ||
|---|---|---|---|
| 001 | bg | ||
| 100 | 1 | _aSZWENGIER, Grzegorz | |
| 245 | 1 | 0 |
_aModelowanie i obliczenia projektowe układów prowadnicowych obrabiarek / _cGrzegorz Szwengier. |
| 260 |
_aSzczecin : _bWydaw. Uczelniane PS, _c1994. |
||
| 300 |
_a280 s. : _bfot., rys., wykr. ; _c24 cm. |
||
| 490 | 1 |
_aPrace Naukowe Politechniki Szczecińskiej. Instytut Technologii Mechanicznej, _x0239-975X ; _vnr 13 |
|
| 500 | _aNumeracja ser. gł. : nr 512. | ||
| 504 | _aBibliogr. s. 263-278. | ||
| 650 | 9 |
_aObrabiarki _xteoria _xprojekty |
|
| 650 | 9 |
_aModele matematyczne _xstosowanie |
|
| 830 | 0 |
_aPrace Naukowe Politechniki Szczecińskiej. _pInstytut Technologii Mechanicznej ; _vnr 13 |
|
| 020 | _a8386359153 | ||
| 040 | _cBPK | ||
| 041 | 0 |
_apl _bende |
|
| 080 | _a621.9-114:519.6:539.3/.5 | ||
| 920 | _a83-86359-15-3 | ||
| 942 | _cKS | ||
| 008 | s pl f |000 0 pol | ||
| 999 |
_c6665 _d6665 |
||
| 856 |
_uhttp://koha.tu.koszalin.pl/cgi-bin/koha/opac-detail.pl?biblionumber=6665 _yKatalog online BPK |
||